Bhāratī āzādī lahira dā itihāsa. (Record no. 61259)

MARC details
000 -LEADER
fixed length control field 01042cam a22002771 4500
001 - CONTROL NUMBER
control field sa 64009097
003 - CONTROL NUMBER IDENTIFIER
control field DLC
005 - DATE AND TIME OF LATEST TRANSACTION
control field 20260227112059.0
008 - FIXED-LENGTH DATA ELEMENTS--GENERAL INFORMATION
fixed length control field 940729s1963 ii abc b 000 0 pano
010 ## - LIBRARY OF CONGRESS CONTROL NUMBER
LC control number sa 64009097
025 ## - OVERSEAS ACQUISITION NUMBER
Overseas acquisition number PL480:I-Pu-397
035 ## - SYSTEM CONTROL NUMBER
System control number (OCoLC)30853735
040 ## - CATALOGING SOURCE
Original cataloging agency DLC
Transcribing agency CU
Modifying agency CU
-- DLC
042 ## - AUTHENTICATION CODE
Authentication code premarc
050 00 - LIBRARY OF CONGRESS CALL NUMBER
Classification number DS436
Item number .G5
100 1# - MAIN ENTRY--PERSONAL NAME
Personal name Gill, Tirlochan Singh.
245 10 - TITLE STATEMENT
Title Bhāratī āzādī lahira dā itihāsa.
Remainder of title History of national movement in India, for J. B. T. classes.
250 ## - EDITION STATEMENT
Edition statement 1st ed.
260 ## - PUBLICATION, DISTRIBUTION, ETC.
Place of publication, distribution, etc. Delhi,
Name of publisher, distributor, etc. Bharti Bhawan
Date of publication, distribution, etc. [1963]
300 ## - PHYSICAL DESCRIPTION
Extent ii, 350 p.
Other physical details ill. (part col.) maps (part col.) ports. (part col.)
Dimensions 19 cm.
500 ## - GENERAL NOTE
General note In Panjabi.
500 ## - GENERAL NOTE
General note "Written strictly in accordance with the new prescribed syllabus for J. B. T. classes on the History of freedom movement in India. (ref. Punjab education dept.) Memorandum no. 10-1-63 PB (5) dated 13th August, 1963."
504 ## - BIBLIOGRAPHY, ETC. NOTE
Bibliography, etc. note Bibliographical footnotes.
650 #0 - SUBJECT ADDED ENTRY--TOPICAL TERM
Topical term or geographic name entry element Nationalism
Geographic subdivision India.
651 #0 - SUBJECT ADDED ENTRY--GEOGRAPHIC NAME
Geographic name India
General subdivision History.

No items available.

Powered by Koha